000 00746nam a22002415a 4500
005 20160320123224.0
008 160320s2007 ii a fr 001 0 eng d
020 _a9788184481112
020 _a818448111X
040 _aEG-ScBUE
_beng
_cEG-ScBUE
082 0 4 _a616.9041
_bDEE
_222
100 1 _aDe, Ranjan Kumar.
_939594
245 1 0 _aDiagnostic microbiology /
_cRanjan Kumar De.
250 _a1st ed.
260 _aNew Delhi :
_bJaypee Brothers Medical Publishers (P) LTD.,
_c2007.
300 _a166 p., 6 p. of plates :
_bill. (some col.) ;
_c24 cm.
500 _aIndex : p. [165]-166.
521 _aFor DMLT students.
650 7 _aDiagnostic microbiology.
_2BUEsh
_939595
651 _2BUEsh
653 _bPPhrm
_cMarch2016
942 _2ddc
999 _c21449
_d21421